[Event "Ruhrgebiet Verbandsliga Gruppe 1 1617"]
[Site "Germany"]
[Date "2016.09.04"]
[Round "1.4"]
[White "Brockmann, Michael"]
[Black "Hornung, Ruediger"]
[Result "0-1"]
[WhiteElo "1992"]
[BlackElo "1891"]
[PlyCount "62"]
[EventDate "2016.09.04"]
[EventType "team-tourn"]
[EventRounds "9"]
[EventCountry "GER"]
[SourceTitle "EXT 2022"]
[Source "ChessBase"]
[SourceDate "2021.10.06"]
[SourceVersion "1"]
[SourceVersionDate "2021.10.06"]
[SourceQuality "1"]
[WhiteTeam "Eichlinghofen SV"]
[BlackTeam "Eving SV Rochade"]
[WhiteTeamCountry "GER"]
[BlackTeamCountry "GER"]

1. d4 e6 2. c4 d5 3. Nc3 Nf6 4. Bg5 Be7 5. e3 h6 6. Bh4 0-0 7. Nf3 Nbd7 8. Qc2 b6 9. cxd5 exd5 10. Ne5 Bb7 11. Rd1 c6 12. f4 Nxe5 13. fxe5 Ng4 14. Bf2 f6 15. e6 f5 16. Bg1 Bg5 17. Qe2 Qd6 18. h3 Bh4+ 19. Kd2 Nf6 20. Qf3 Qxe6 21. Bd3 Ne4+ 22. Kc1 Qd6 23. Bh2 Qd7 24. Rhf1 a5 25. Na4 Bd8 26. g4 c5 27. Nc3 cxd4 28. exd4 Bg5+ 29. Kb1 fxg4 30. Qxg4 Qxg4 31. hxg4 Nd2+ 0-1

[Event "Ruhrgebiet Verbandsklasse Gruppe 2 1516"]
[Site "Germany"]
[Date "2016.01.24"]
[Round "6.4"]
[White "Buchholz, Peter"]
[Black "Brockmann, Michael"]
[Result "1-0"]
[WhiteElo "2093"]
[BlackElo "1969"]
[PlyCount "53"]
[EventDate "2015.09.06"]
[EventType "team-tourn"]
[EventRounds "9"]
[EventCountry "GER"]
[SourceTitle "EXT 2022"]
[Source "ChessBase"]
[SourceDate "2021.10.06"]
[SourceVersion "1"]
[SourceVersionDate "2021.10.06"]
[SourceQuality "1"]
[WhiteTeam "Recklinghausen Laeufer Ost"]
[BlackTeam "Eichlinghofen SV"]
[WhiteTeamCountry "GER"]
[BlackTeamCountry "GER"]

1. e4 c5 2. c3 d5 3. exd5 Qxd5 4. d4 Nc6 5. dxc5 Qxd1+ 6. Kxd1 Bf5 7. Be3 Nf6 8. Bb5 Ng4 9. Nd2 g6 10. Ngf3 Nxe3+ 11. fxe3 0-0-0 12. Ke2 f6 13. b4 h5 14. e4 Bd7 15. Nb3 e5 16. Rad1 Be7 17. Bc4 a6 18. Bd5 Kc7 19. Nbd2 Na7 20. Nc4 h4 21. h3 g5 22. Nd6 Nb5 23. Nxb5+ axb5 24. c4 Ra8 25. Rd2 bxc4 26. Bxc4 Ra4 27. Rxd7+ 1-0

[Event "Ruhrgebiet Verbandsklasse Gruppe 3 1415"]
[Site "Germany"]
[Date "2015.01.18"]
[Round "5"]
[White "Sondermann, Dirk"]
[Black "Brockmann, Michael"]
[Result "1/2-1/2"]
[WhiteElo "1853"]
[BlackElo "2026"]
[PlyCount "130"]
[EventDate "2014.09.21"]
[EventType "team-tourn"]
[EventRounds "9"]
[EventCountry "GER"]
[SourceTitle "EXT 2022"]
[Source "ChessBase"]
[SourceDate "2021.10.06"]
[SourceVersion "1"]
[SourceVersionDate "2021.10.06"]
[SourceQuality "1"]
[WhiteTeam "Annen Sport Union"]
[BlackTeam "Eichlinghofen SV"]
[WhiteTeamCountry "GER"]
[BlackTeamCountry "GER"]

1. d4 d5 2. Nf3 Nf6 3. c4 e6 4. Nc3 Nbd7 5. Bg5 c6 6. cxd5 exd5 7. Qc2 Be7 8. e3 0-0 9. Bd3 Re8 10. 0-0 Nf8 11. Rae1 Ne4 12. Bxe7 Qxe7 13. Bxe4 dxe4 14. Nd2 f5 15. f3 exf3 16. Nxf3 Be6 17. e4 fxe4 18. Rxe4 Qd6 19. Qe2 Bf7 20. Ng5 Rxe4 21. Qxe4 Bg6 22. Qh4 Re8 23. Nf3 Nd7 24. Rd1 Qb4 25. d5 Qxh4 26. Nxh4 Bh5 27. Rd2 cxd5 28. Nxd5 Nc5 29. Nc3 Ne4 30. Nxe4 Rxe4 31. Nf5 Bg6 32. Nd6 Rb4 33. a3 Rb3 34. Nc4 Kf8 35. Ne5 Bf5 36. Rf2 Ke7 37. Rxf5 Ke6 38. Rf3 Rxb2 39. Nc4 Rc2 40. Ne3 Ra2 41. Nf5 g6 42. Nh6 a5 43. Rb3 a4 44. Rxb7 Rxa3 45. Rxh7 Ra1+ 46. Kf2 a3 47. Ra7 Kd5 48. Kg3 Kc4 49. Ng4 Kb3 50. Ne5 a2 51. Nxg6 Rh1 52. Rxa2 Kxa2 53. h4 Kb3 54. Kg4 Kc4 55. Kg5 Kd5 56. Kf5 Rf1+ 57. Nf4+ Kd6 58. h5 Ke7 59. Kg5 Kf7 60. g4 Ra1 61. Ng6 Kg7 62. h6+ Kg8 63. Ne7+ Kh7 64. Nf5 Ra4 65. Kh5 Ra5 1/2-1/2

[Event "Ruhrgebiet VK1 1213"]
[Site "Nordrheinwestfalen"]
[Date "2013.01.13"]
[Round "5.6"]
[White "Hornung, Ruediger"]
[Black "Brockmann, Michael"]
[Result "1-0"]
[WhiteElo "1902"]
[BlackElo "1965"]
[PlyCount "79"]
[EventDate "2012.09.02"]
[EventType "team-tourn"]
[EventRounds "9"]
[EventCountry "GER"]
[SourceTitle "EXT 2020"]
[Source "ChessBase"]
[SourceDate "2019.10.17"]
[SourceVersion "1"]
[SourceVersionDate "2019.10.17"]
[SourceQuality "1"]
[WhiteTeam "Rochade Eving"]
[BlackTeam "Muelheim SC"]
[WhiteTeamCountry "GER"]
[BlackTeamCountry "GER"]

1. e4 e5 2. Nf3 Nc6 3. Bc4 Nf6 4. Ng5 d5 5. exd5 b5 6. Bf1 Nxd5 7. Bxb5 Bb7 8. d3 f6 9. Ne4 f5 10. Bg5 Be7 11. Nc5 Bxg5 12. Nxb7 Qf6 13. Na5 Nde7 14. Nxc6 Nxc6 15. h4 Bh6 16. Qh5+ Kd7 17. Nc3 Kd6 18. Bxc6 Kxc6 19. Qf3+ Kd7 20. Qd5+ Ke7 21. Qxa8 Rxa8 22. Nd5+ Kd6 23. Nxf6 gxf6 24. Ke2 Rb8 25. b3 a5 26. c3 Rb6 27. Rhg1 Rc6 28. c4 Kc5 29. Kd1 e4 30. Kc2 exd3+ 31. Kxd3 Rd6+ 32. Kc3 Rd2 33. a3 Rxf2 34. b4+ Kc6 35. Raf1 Re2 36. Rxf5 axb4+ 37. axb4 Bg7 38. Kd3 Rb2 39. b5+ Kd6 40. Rd5+ 1-0

[Event "Ruhrgebiet Verbandsliga2 1011"]
[Site "Nordrheinwestfalen"]
[Date "2011.02.27"]
[Round "7.1"]
[White "Leveikina, Jevgenija"]
[Black "Brockmann, Michael"]
[Result "1-0"]
[WhiteElo "2051"]
[BlackElo "2059"]
[PlyCount "117"]
[EventDate "2010.09.12"]
[EventType "team-tourn"]
[EventRounds "9"]
[EventCountry "GER"]
[SourceTitle "EXT 2020"]
[Source "ChessBase"]
[SourceDate "2019.10.17"]
[SourceVersion "1"]
[SourceVersionDate "2019.10.17"]
[SourceQuality "1"]
[WhiteTeam "Herne Sodingen II"]
[BlackTeam "Eichlinghofen SV"]
[WhiteTeamCountry "GER"]
[BlackTeamCountry "GER"]

1. d4 d5 2. Nf3 Nf6 3. Bf4 c5 4. c3 e6 5. e3 Be7 6. Nbd2 0-0 7. h3 Nc6 8. Be2 Qb6 9. Qb3 Bd7 10. 0-0 Rfc8 11. Rfc1 Be8 12. Bg5 h6 13. Bh4 Na5 14. Qxb6 axb6 15. Bd3 g5 16. Bg3 Nd7 17. e4 Nf8 18. exd5 exd5 19. Re1 Nc6 20. c4 cxd4 21. cxd5 Nb4 22. Bf5 Bf6 23. Bxc8 Rxc8 24. Ne4 Be7 25. d6 Bd8 26. Nxd4 Bd7 27. Red1 f5 28. Nc3 f4 29. Bh2 Bf6 30. a3 Bxd4 31. axb4 Bxc3 32. bxc3 Rxc3 33. h4 Kf7 34. hxg5 hxg5 35. Rac1 Rb3 36. Rb1 Rc3 37. Rdc1 Rd3 38. Rd1 Rc3 39. f3 Ke6 40. Rb2 Ba4 41. Re2+ Kf6 42. Ra1 Bb5 43. Rd2 Nd7 44. Kh1 Rb3 45. Rd4 Bc6 46. Re1 Rb2 47. Bxf4 gxf4 48. Rxf4+ Kg5 49. Rd4 Kf6 50. Re7 Ne5 51. Rf4+ Kg5 52. Rf8 Ng6 53. Rg7 Kh6 54. Rfg8 Ne5 55. Rg3 Kh7 56. R8g5 Rb1+ 57. Kh2 Nxf3+ 58. gxf3 Rb2+ 59. Rg2 1-0

[Event "Ruhrgebiet Verbandsliga2 1011"]
[Site "Nordrheinwestfalen"]
[Date "2011.01.16"]
[Round "5.1"]
[White "Fuellgrabe, Thomas"]
[Black "Brockmann, Michael"]
[Result "1-0"]
[WhiteElo "2308"]
[BlackElo "2059"]
[PlyCount "61"]
[EventDate "2010.09.12"]
[EventType "team-tourn"]
[EventRounds "9"]
[EventCountry "GER"]
[SourceTitle "EXT 2020"]
[Source "ChessBase"]
[SourceDate "2019.10.17"]
[SourceVersion "1"]
[SourceVersionDate "2019.10.17"]
[SourceQuality "1"]
[WhiteTeam "Welper SV"]
[BlackTeam "Eichlinghofen SV"]
[WhiteTeamCountry "GER"]
[BlackTeamCountry "GER"]

1. e4 c5 2. Nf3 g6 3. Bc4 Nc6 4. c3 Bg7 5. d4 cxd4 6. cxd4 d6 7. Nc3 Nf6 8. Bb3 0-0 9. h3 b6 10. 0-0 Ba6 11. Re1 e5 12. d5 Nb4 13. Bc2 Nxc2 14. Qxc2 Nd7 15. a4 Rc8 16. Qd1 f5 17. Nb5 fxe4 18. Ng5 Nc5 19. Nxe4 Nxe4 20. Rxe4 Qd7 21. Be3 Rf7 22. Qb3 Bf8 23. Rb4 Qf5 24. Rc4 Bxb5 25. Rxc8 Qxc8 26. Qxb5 Rc7 27. a5 bxa5 28. Qxa5 Rc2 29. b4 Qc4 30. Qd8 Qxb4 31. Bh6 1-0

[Event "Ruhrgebiet Verbandsliga2 1011"]
[Site "Nordrheinwestfalen"]
[Date "2010.12.05"]
[Round "4"]
[White "Brockmann, Michael"]
[Black "Hassenrueck, Helmut"]
[Result "1-0"]
[WhiteElo "2059"]
[BlackElo "2113"]
[PlyCount "73"]
[EventDate "2010.09.12"]
[EventType "team-tourn"]
[EventRounds "9"]
[EventCountry "GER"]
[SourceTitle "EXT 2020"]
[Source "ChessBase"]
[SourceDate "2019.10.17"]
[SourceVersion "1"]
[SourceVersionDate "2019.10.17"]
[SourceQuality "1"]
[WhiteTeam "Eichlinghofen SV"]
[BlackTeam "Gladbeck SG"]
[WhiteTeamCountry "GER"]
[BlackTeamCountry "GER"]

1. d4 Nf6 2. c4 e6 3. Nc3 Bb4 4. Qc2 0-0 5. Nf3 c5 6. dxc5 Na6 7. a3 Bxc3+ 8. Qxc3 Nxc5 9. e3 b6 10. b4 Nce4 11. Qd4 d6 12. Bb2 e5 13. Qd3 Bf5 14. Nh4 Ng4 15. Nxf5 Ngxf2 16. Qe2 Qf6 17. Ng3 Nxg3 18. Qxf2 Nxh1 19. Qxf6 gxf6 20. Bd3 a5 21. b5 e4 22. Bxe4 Rae8 23. Bf3 Rxe3+ 24. Kd2 Rb3 25. Bd4 Nf2 26. Bxf2 Rb2+ 27. Ke1 Rc8 28. Bd5 Re8+ 29. Kf1 Kg7 30. Bxb6 a4 31. Bd4 Rb3 32. b6 Rd3 33. Bf2 f5 34. b7 Rb3 35. Ba7 Kf6 36. c5 Rd3 37. c6 1-0

[Event "Ruhrgebiet VL1 0708"]
[Site "Germany"]
[Date "2008.02.17"]
[Round "6.7"]
[White "Brockmann, Michael"]
[Black "Grosse Hering, Peter"]
[Result "1-0"]
[WhiteElo "2015"]
[BlackElo "1861"]
[PlyCount "77"]
[EventDate "2007.09.02"]
[EventType "team"]
[EventRounds "9"]
[EventCountry "GER"]
[SourceTitle "EXT 2009"]
[Source "ChessBase"]
[SourceDate "2008.11.26"]
[SourceVersion "1"]
[SourceVersionDate "2008.11.26"]
[SourceQuality "1"]
[WhiteTeam "Heissen Stadtgr"]
[BlackTeam "Horst Emscher"]
[WhiteTeamCountry "GER"]
[BlackTeamCountry "GER"]

1. d4 Nf6 2. Nf3 g6 3. e3 Bg7 4. Bd3 d6 5. Nbd2 c6 6. 0-0 0-0 7. c3 Nbd7 8. Qe2 e5 9. dxe5 dxe5 10. Rd1 Qe7 11. e4 Nh5 12. Nb3 a5 13. Bg5 f6 14. Be3 a4 15. Nbd2 Nc5 16. Bc4+ Ne6 17. Bb6 Nhf4 18. Qf1 Kh8 19. g3 Nh5 20. Qe2 Bh6 21. b4 Re8 22. Nf1 Nf8 23. Bc5 Qg7 24. Rd6 Nd7 25. Be3 Bxe3 26. Qxe3 f5 27. Rad1 f4 28. Qd2 Ndf6 29. Qc2 Bg4 30. Be2 Qe7 31. Qd3 Rf8 32. Kg2 Rae8 33. c4 Bc8 34. c5 h6 35. Nh4 Kg7 36. Bxh5 gxh5 37. gxf4 exf4 38. e5 Ne4 39. Rg6+ 1-0

[Event "Ruhrgebiet VK2 0001"]
[Site "Ruhrgebiet"]
[Date "2001.02.18"]
[Round "6"]
[White "Brockmann, Michael"]
[Black "Kluemper, Willi"]
[Result "1/2-1/2"]
[WhiteElo "2011"]
[BlackElo "2031"]
[PlyCount "83"]
[EventDate "2000.09.17"]
[EventType "team-tourn"]
[EventRounds "9"]
[EventCountry "GER"]
[SourceTitle "EXT 2023"]
[Source "ChessBase"]
[SourceDate "2022.10.05"]
[SourceVersion "1"]
[SourceVersionDate "2022.10.05"]
[SourceQuality "1"]
[WhiteTeam "Eichlinghofen SV"]
[BlackTeam "Bottrop"]
[WhiteTeamCountry "GER"]
[BlackTeamCountry "GER"]

1. d4 Nf6 2. c4 d6 3. Nc3 e5 4. dxe5 dxe5 5. Qxd8+ Kxd8 6. Bg5 c6 7. Nf3 Nbd7 8. a3 Kc7 9. e3 Ng8 10. Be2 f6 11. Bh4 Ne7 12. b4 Nf5 13. 0-0 a5 14. c5 axb4 15. axb4 Rxa1 16. Rxa1 Be7 17. Bg3 Rd8 18. Nd4 Nf8 19. Nxf5 Bxf5 20. Kf1 Bd3 21. f4 Bxe2+ 22. Kxe2 Ng6 23. f5 Nf8 24. Bf2 Nd7 25. e4 Nb8 26. Na4 Na6 27. Rb1 Kc8 28. g4 h6 29. Be1 Nc7 30. Nb6+ Kb8 31. Rd1 Rxd1 32. Kxd1 Nb5 33. Bf2 Nc3+ 34. Kc2 Nxe4 35. Be3 Ng5 36. Kd3 Kc7 37. h4 Nf7 38. Ke4 Bd8 39. Bf2 Be7 40. Be3 Bd8 41. Bf2 Be7 42. Be3 1/2-1/2